书目信息 |
| 题名: |
向日葵教授绑架案
|
|
| 作者: | 埃尔热 编绘 | |
| 分册: | ||
| 出版信息: | 北京 中国少年儿童出版社 2009.12 |
|
| 页数: | 62页 | |
| 开本: | 25cm | |
| 丛书名: | ||
| 单 册: | ||
| 中图分类: | J238.2 | |
| 科图分类: | ||
| 主题词: | 绘画--世界 , 绘画--各国 | |
| 电子资源: | ||
| ISBN: | 7-5007-9449-5 | |
| 000 | 00612nam0 2200205 450 | |
| 001 | 2655965554 | |
| 005 | 20260317153511.67 | |
| 010 | @a7-5007-9449-5@dCNY12.00 | |
| 100 | @a20260317d2009 km y0chiy0120 ea | |
| 101 | 0 | @achi |
| 102 | @aCN@b110000 | |
| 200 | 1 | @a向日葵教授绑架案@AXiang Ri Kui Jiao Shou Bang Jia An@f埃尔热编绘@FAi Er Re Bian Hui |
| 210 | @a北京@c中国少年儿童出版社@d2009.12 | |
| 215 | @a62页@d25cm | |
| 606 | 0 | @a绘画@x世界 |
| 606 | 0 | @a绘画@y各国 |
| 690 | @aJ238.2@v4 | |
| 701 | 0 | @a埃尔热@AAi Er Re@4编绘 |
| 801 | 0 | @aCN@b大连网信软件有限公司图书馆·11@c20260317 |
| 905 | @aZUCC@dJ238.2@e156:1 | |
| 向日葵教授绑架案/埃尔热编绘.-北京:中国少年儿童出版社,2009.12 |
| 62页;25cm |
| ISBN 7-5007-9449-5:CNY12.00 |
| ● |
| 相关链接 |
|
|
|
|
正题名:向日葵教授绑架案
索取号:J238.2/156:1
 
预约/预借
| 序号 | 登录号 | 条形码 | 馆藏地/架位号 | 状态 | 备注 |
| 1 | 1442170 | 214421703 | 第一样本阅览室/ [索取号:J238.2/156:1] | 在馆 |